| 000 | 00565nam a2200205Ia 4500 | ||
|---|---|---|---|
| 003 | OSt | ||
| 005 | 20230408095803.0 | ||
| 008 | 210423s2010 xx 000 0 und d | ||
| 020 | _a9788126913451 | ||
| 040 | _cAL | ||
| 041 | _aeng | ||
| 082 | _a822.33 SHAJ | ||
| 100 |
_aSHAW (Jonathan S). _984572 |
||
| 245 | _aHistory plays of Shakespeare: a revaluation. | ||
| 260 |
_aNew Delhi _bAtlantic Publishers and Distributors _c2010 |
||
| 300 |
_axiii,311 _bHB |
||
| 365 |
_b650 _cINR |
||
| 906 | _aHistory ; plays ; revaluation. ; shakespeare: | ||
| 942 |
_2ddc _cBK |
||
| 999 |
_c158242 _d158242 |
||